Największe państwa w Europie - Statystyki

Ogólne statystyki
  • Ten quiz został rozwiązany 191 razy
  • Średni wynik to 9 z 10
Statystyki odpowiedzi
Powierzchnia Kraj % Poprawnych
17 000 000 km² Rosja
100%
357 580 km² Niemcy
98%
312 680 km² Polska
98%
549 087 km² Francja
96%
505 935 km² Hiszpania
96%
603 550 km² Ukraina
95%
301 340 km² Włochy
93%
447 430 km² Szwecja
91%
338 450 km² Finlandia
87%
625 217 km² Norwegia
84%
Nie znaleziono quizów pasujących do podanych kryteriów
Rozkład punktacji
Procent ludzi z każdym wynikiem
Percentyl według liczby udzielonych odpowiedzi
Twoja historia wyników
Nie rozwiązałeś tego quizu